WWII Quiz - Statistics

General Stats
  • This quiz has been taken 66 times
    51 since last reset
  • The average score is 15 of 23
Answer Stats
Hint Answer % Correct
What country did Nazi Germany invade to start WWII? Poland
93%
What year did WWII end? 1945
90%
How did Hitler die? Suicide
90%
What year did the US join WWII? 1941
88%
During WWII there were 3 central axis powers. They were Germany, Japan, and____? Italy
88%
When did WWII begin? 1939
85%
Who was the ruler of Italy during WWII? Benito Mussolini
83%
What was the first city to ever be nuked? Hiroshima
83%
What event caused the US to join WWII? Pearl Harbor
80%
What year did Adolf Hitler become Chancellor? 1933
75%
How many Poles died in WWII? 6 million
75%
What country did many Nazis flee too after the war? Argentina
70%
Who developed the nuclear bomb? Robert Oppenheimer
70%
What country captured Hitler's bunker? The Soviet Union
68%
What was Hitler's wife's maiden name? Eva Braun
63%
What is the name of the plan to develop the nuclear bomb? The Manhattan Project
60%
What method of execution was employed by the Nazis? Gas chamber
55%
What element did the Nazis supposedly have a lot of, but hid it during WWII Gold
53%
What country lasted only 6 hours against the Nazi Germany invasion? Denmark
50%
What was Hitler's diet type? Vegetarian
50%
How many Jews died in the Nazi concentration camps? 5 million
40%
Which Reich was Nazi Germany? The 3rd Reich
18%
What element powered the bomb dropped on Nagasaki? Plutonium-239
0%
No matching quizzes found
Score Distribution
Percent of People with Each Score
Percentile by Number Answered
Your Score History
You have not taken this quiz since the last reset